Statistics for Capitals of Caribbean Countries & Territories

Click here to take the quiz!

General Stats

  • This quiz has been taken 56 times
  • The average score is 24 of 33

Answer Stats

HintAnswer% Correct
Saint Kitts and NevisBasseterre
97%
GuadeloupeBasse-Terre
97%
Antigua and BarbudaSaint John's
97%
Saint LuciaCastries
94%
JamaicaKingston
94%
Saint Vincent and GrenadinesKingstown
94%
BahamasNassau
94%
Trinidad and TobagoPort-of-Spain
94%
BarbadosBridgetown
91%
CubaHavana
91%
HaitiPort-au-Prince
91%
GrenadaSaint George's
91%
Dominican RepublicSanto Domingo
91%
DominicaRoseau
89%
Puerto RicoSan Juan
80%
Cayman IslandsGeorge Town
74%
Sint EustatiusOranjestad
71%
ArubaOranjestad
71%
MartiniqueFort-de-France
69%
BermudaHamilton
66%
GreenlandNuuk
63%
Turks and Caicos IslandsCockburn Town
60%
MontserratPlymouth
60%
British Virgin IslandsRoad town
60%
AnguillaThe Valley
60%
CuraçaoWillemstad
57%
US Virgin IslandsCharlotte Amalie
54%
Saint MartinMarigot
46%
Sint MaartenPhilipsburg
46%
SabaThe Bottom
46%
Saint BarthélemyGustavia
43%
Saint Pierre and MiquelonSt Pierre
43%
BonaireKralendijk
40%

Score Distribution

Percentile by Number Answered

Percent of People with Each Score

Your Score History

You have not taken this quiz